000
00198 a2200097 4500
001
12221
100
_a
Hijazi,Ali
245
_a
Allah Kay Spaahi
260
_a
_b
Sang-e-Meel
_c
090
_c
9438
_d
9438
942
_a
NUST-CAE
_c
M
_c
36309
999
_c
247294
_d
247294